[Event "71st MNE-ch 2019"]
[Site "Podgorica"]
[Date "2019.05.23"]
[Round "6.6"]
[White "Lekic, Dusan"]
[Black "Vujovic, Savo"]
[Result "1/2-1/2"]
[WhiteElo "2352"]
[BlackElo "1940"]
[Annotator "ChessBase"]
[PlyCount "103"]
[EventDate "2019.05.18"]
[EventType "swiss"]
[EventCountry "MNE"]
[SourceTitle "playchess.com"]
[Source "ChessBase"]
[SourceQuality "1"]
[TimeControl "40/5400+30:1800+30"]

1. Nf3 {[%emt 0:00:00]} Nf6 {[%emt 0:06:08]} 2. g3 {[%emt 0:00:01]} d5 {[%emt 0:00:22]} 3. Bg2 {[%emt 0:00:07]} e6 {[%emt 0:00:18]} 4. O-O {[%emt 0:00:27]} Be7 {[%emt 0:00:14]} 5. c4 {[%emt 0:00:53]} O-O {[%emt 0:00:16]} 6. d4 {[%emt 0:00:40]} dxc4 {[%emt 0:00:09]} 7. Qc2 {[%emt 0:01:03]} b5 {[%emt 0:01:00]} 8. a4 {[%emt 0:04:19]} b4 {[%emt 0:00:21]} 9. Nfd2 {[%emt 0:01:43]} c6 {[%emt 0:00:17]} 10. Nxc4 {[%emt 0:02:22]} Qxd4 {[%emt 0:01:33]} 11. Rd1 {[%emt 0:02:04]} Qc5 {[%emt 0:00:12]} 12. Nbd2 {[%emt 0:01:01]} Rd8 {[%emt 0:10:56]} 13. b3 {[%emt 0:00:44]} Ba6 {[%emt 0:12:14]} 14. Bb2 {[%emt 0:01:17]} Qh5 {[%emt 0:03:05]} 15. Bf3 {[%emt 0:09:55]} Qh6 {[%emt 0:07:55]} 16. Na5 {[%emt 0:11:20]} Nd5 {[%emt 0:04:20]} 17. Ne4 {[%emt 0:13:08]} Rc8 {[%emt 0:07:24]} 18. Nc5 {[%emt 0:02:06]} Bd8 {[%emt 0:03:31]} 19. Nc4 {[%emt 0:05:51]} Bxc4 {[%emt 0:02:44]} 20. Qxc4 {[%emt 0:01:27]} Be7 {[%emt 0:03:44]} 21. e4 {[%emt 0:03:24]} Ne3 {[%emt 0:02:34]} 22. fxe3 {[%emt 0:03:38]} Qxe3+ {[%emt 0:00:15]} 23. Kg2 {[%emt 0:00:06]} Qxc5 {[%emt 0:03:21]} 24. Qe2 {[%emt 0:00:15]} Bg5 {[%emt 0:10:44]} 25. h4 {[%emt 0:04:38]} Bh6 {[%emt 0:04:26]} 26. Bd4 {[%emt 0:00:42]} Qe7 {[%emt 0:01:42]} 27. Be5 {[%emt 0:00:19]} a5 {[%emt 0:01:28]} 28. Rd3 {[%emt 0:06:16]} Nd7 {[%emt 0:01:40]} 29. Bd6 {[%emt 0:00:14]} Qe8 {[%emt 0:01:08]} 30. g4 {[%emt 0:01:28]} g6 {[%emt 0:00:32]} 31. Rh1 {[%emt 0:01:42]} Bf8 {[%emt 0:00:22]} 32. e5 {[%emt 0:01:33]} Nc5 {[%emt 0:00:31]} 33. Bxc5 {[%emt 0:04:51]} Bxc5 {[%emt 0:00:04]} 34. h5 {[%emt 0:00:23]} Rd8 {[%emt 0:00:51]} 35. hxg6 {[%emt 0:00:17]} fxg6 {[%emt 0:00:05]} 36. Rhd1 {[%emt 0:02:15]} Be7 {[%emt 0:02:09]} 37. Qc2 {[%emt 0:01:14]} Rac8 {[%emt 0:01:24]} 38. Qc4 {[%emt 0:00:30]} Bf8 {[%emt 0:04:16]} 39. Rxd8 {[%emt 0:00:55]} Rxd8 {[%emt 0:00:08]} 40. Bxc6 {[%emt 0:00:00]} Qe7 {[%emt 0:00:00]} 41. Rxd8 {[%emt 0:05:05]} Qxd8 {[%emt 0:00:46]} 42. Qxe6+ {[%emt 0:00:27]} Kg7 {[%emt 0:00:10]} 43. Bd5 {[%emt 0:03:50]} Qe7 {[%emt 0:00:18]} 44. Kf3 {[%emt 0:08:39]} Qxe6 {[%emt 0:02:11]} 45. Bxe6 {[%emt 0:00:03]} Be7 {[%emt 0:00:59]} 46. Ke4 {[%emt 0:00:09]} Kf8 {[%emt 0:00:48]} 47. Kd5 {[%emt 0:00:51]} h5 {[%emt 0:00:08]} 48. gxh5 {[%emt 0:00:06]} gxh5 {[%emt 0:00:04]} 49. Kc6 {[%emt 0:01:45]} h4 {[%emt 0:00:17]} 50. Kd7 {[%emt 0:00:33]} Bg5 {[%emt 0:00:10]} 51. Bh3 {[%emt 0:00:34]} Be7 {[%emt 0:00:08]} 52. e6 1/2-1/2

[Event "71st MNE-ch 2019"]
[Site "Podgorica"]
[Date "2019.05.23"]
[Round "6.7"]
[White "Pobor, Milo"]
[Black "Nikac, Predrag"]
[Result "0-1"]
[WhiteElo "1960"]
[BlackElo "2319"]
[Annotator "TA"]
[PlyCount "102"]
[EventDate "2019.05.18"]
[EventType "swiss"]
[EventCountry "MNE"]
[SourceTitle "playchess.com"]
[Source "ChessBase"]
[SourceQuality "1"]

{[%evp 19,102,34,30,22,36,13,60,50,52,61,41,0,0,0,1,0,0,0,0,0,7,0,7,0,0,0,38,-19,-14,-12,-15,-70,75,69,56,16,22,24,15,0,172,175,200,0,0,0,86,0,196,0,96,0,0,0,0,0,0,0,0,0,0,0,0,0,0,0,-8,-32,0,-106,0,-11,-27,-416,-387,-2098,-2915,-5189,-5368,-29978,-29979,-29988,-29980,-29992,-29993]} 1. e4 c5 2. Nf3 Nc6 3. Bb5 g6 4. O-O Bg7 5. Re1 Nf6 6. e5 Nd5 7. Nc3 Nc7 8. Bxc6 bxc6 9. Ne4 Ne6 10. d3 O-O 11. Be3 {B31: Sicilian: 2...Nc6 3 Bb5 g6} d6 12. c3 (12. exd6 exd6 13. c3 h6 14. Ned2 d5 15. Nb3 d4 16. Bd2 Qd6 17. cxd4 cxd4 18. Rc1 Rb8 {½-½ (98) Rudolf,M (2360)-Tazbir,M (2519) Poronin 2017}) 12... Ba6 $146 ({Predecessor:} 12... Rb8 13. Qc2 Qc7 14. Rac1 f5 15. exf6 exf6 16. Nfd2 Rf7 17. f3 Qd8 18. Nf2 f5 {1-0 (43) Petrik,S-Lastovicka,Z Sala 1987}) 13. exd6 {White is slightly better.} exd6 14. d4 {[%cal Rd4c5]} c4 15. d5 cxd5 $1 16. Qxd5 Rb8 {And now ...Bb7 would win.} 17. Qd2 Bb7 18. Bxa7 Ra8 19. Bd4 $1 {[%cal Rd4g7]} Nxd4 20. Nxd4 Re8 21. Ng3 Rxe1+ $1 22. Qxe1 h5 23. Qe3 (23. Nf1 $14) 23... h4 $11 24. Nf1 Qb6 25. Nd2 (25. Qd2 $11) 25... Bd5 (25... Qxb2 $15 {keeps the upper hand.} 26. Rb1 Qxa2) 26. Nf5 $1 $16 {[%cal Rf5e7]} Qxb2 27. Rb1 Qxb1+ 28. Nxb1 gxf5 29. Qg5 Be4 $2 (29... h3 $11 {and Black stays safe.}) 30. Nd2 $18 Rxa2 {aiming for ...Ra1+.} 31. Qd8+ $2 (31. h3 $1 $18) 31... Kh7 $1 $11 32. Qxh4+ Bh6 (32... Kg8 $11 {keeps the balance.} 33. f3 Bd3) 33. Qf6 (33. f3 $16 Bd3 34. g4 (34. Nxc4 $2 Ra1+ 35. Kf2 Rf1+ 36. Kg3 f4+ 37. Kg4 Bxc4 $19) 34... Ra1+ 35. Kg2 fxg4 36. fxg4) 33... Ra7 $2 (33... Rxd2 $11 {and Black is okay.} 34. Qxf7+ Bg7 35. Qh5+ Bh6) 34. Nf1 $2 ({Only move:} 34. f4 $1 $18) 34... Bd3 {[#]} (34... d5 $11 {remains equal.}) 35. h3 ({Better is} 35. g4 $1 $16) 35... Ra1 $1 36. Qxf7+ Kh8 37. Qf6+ Bg7 38. Qd8+ Kh7 39. Qh4+ Kg6 40. Qg3+ Kf7 41. Qxd6 Rxf1+ 42. Kh2 Re1 {White must now prevent ...Be5+.} 43. Qd7+ Kg6 (43... Re7 $5 {[%cal Re7d7]} 44. Qd5+ Kg6 45. Qd6+ Kf7 46. Qd5+ Kg6 47. Qd6+ Bf6 $17) 44. h4 {[#]} (44. Qc6+ $11 Kf7 45. Qd5+ Re6 46. Qd7+ Re7 47. Qd5+ Kg6 48. Qd6+ Bf6 49. g4) 44... Be5+ (44... Bf6 $1 $17 45. Kg3 Re4) 45. g3 Bxc3 {Hoping for ...Be4.} 46. h5+ $2 {[%mdl 8192]} (46. f3 $1 $11) 46... Kxh5 $19 47. Qh7+ $2 (47. f3) 47... Kg4 48. Qg6+ Kf3 49. Qc6+ Kxf2 {Black mates.} 50. Qc5+ Ke2 51. Qa3 Be4 {Accuracy: White = 29%, Black = 55%.} 0-1

[Event "71st MNE-ch 2019"]
[Site "Podgorica"]
[Date "2019.05.23"]
[Round "6.8"]
[White "Musovic, Armin"]
[Black "Kisic, Bozidar"]
[Result "1/2-1/2"]
[WhiteElo "2297"]
[BlackElo "2200"]
[Annotator "TA"]
[PlyCount "97"]
[EventDate "2019.05.18"]
[EventType "swiss"]
[EventCountry "MNE"]
[SourceTitle "playchess.com"]
[Source "ChessBase"]
[SourceQuality "1"]

{[%evp 9,97,8,15,15,5,9,27,10,32,31,25,-31,-15,-12,0,-49,-37,-38,-27,-43,-20,-31,-6,-54,-55,-52,-62,-118,-84,-103,-39,-71,-65,-113,-115,-118,-21,-39,-10,0,-11,-7,-10,-39,-34,-41,-45,-54,0,0,0,0,0,0,0,0,0,0,0,0,0,0,0,0,0,0,0,0,0,0,0,0,0,0,0,0,0,-8,0,-8,0,0,0,0,0,0,0,0,0,0]} 1. e4 c5 2. c3 d6 3. d4 Nf6 4. dxc5 Nc6 5. Bc4 e6 6. Qe2 {B22: Sicilian: 2 c3} (6. Bg5 dxc5 7. Qxd8+ Kxd8 8. Nd2 h6 9. Be3 Ng4 10. Bf4 Nce5 11. O-O-O Bd6 12. Bg3 g5 13. Bb5 Ke7 14. Ndf3 {½-½ (47) Zatonskih,A (2424)-Vishnu,P (2543) Douglas 2017}) 6... Nxe4 7. cxd6 $146 ({Predecessor:} 7. Qxe4 d5 8. Bxd5 Qxd5 9. Qxd5 exd5 10. Be3 Ne5 11. b4 a5 12. Nf3 Nd3+ 13. Ke2 {0-1 (30) Mataigne,J (2053)-Venkatesh,M (2426) La Fere 2009}) 7... Nxd6 8. Bd3 {White has an edge.} e5 9. Nf3 Qe7 10. Nfd2 ({Better is} 10. Nbd2 $11) 10... g6 11. Nc4 Bg7 12. b3 {[#] And now Ba3 would win.} Nxc4 13. Bxc4 Be6 $36 {[%mdl 2048] Black fights for an advantage.} 14. O-O Bxc4 15. Qxc4 Qd7 16. Ba3 O-O-O 17. Bc5 Qd5 18. Qb5 (18. Na3 $15) 18... Bf8 19. b4 Qd3 (19... Bd6 $17 20. Na3 a6) 20. a4 Bxc5 21. bxc5 Rd5 22. Na3 {[#]} Qxb5 ({Worse is} 22... Qxc3 23. Rab1 $14) ({Black should try} 22... Rhd8 $1 $17 23. Qxd3 Rxd3) 23. axb5 $11 Na5 24. Nc2 b6 25. cxb6 axb6 26. c4 Rc5 27. Ne3 Rd8 28. f4 e4 (28... f5 $15) 29. f5 {The position is equal.} g5 ({Don't blunder} 29... Nxc4 $2 30. Nxc4 gxf5 31. Ne3 $18 (31. Nxb6+ Kb7 $18)) 30. f6 Kb7 31. Rad1 Rxd1 32. Rxd1 {Hoping for Rd7+.} Nxc4 33. Nxc4 Rxc4 {[%mdl 4096] Endgame KR-KR} 34. Rd7+ Rc7 35. Re7 Kc8 {...Rxe7 is the strong threat.} 36. Rxe4 Kd7 37. Kf2 {aiming for Re7+.} Kd6 38. Kg3 h5 39. h4 Rc3+ 40. Kh2 $1 Rc5 41. hxg5 Rxg5 42. Re7 Rxb5 43. Rxf7 Rf5 44. Rf8 b5 45. Kh3 Ke6 46. g4 Rxf6 47. Rb8 hxg4+ 48. Kxg4 Rf7 49. Rxb5 {Accuracy: White = 63%, Black = 48%.} 1/2-1/2

[Event "71st MNE-ch 2019"]
[Site "Podgorica"]
[Date "2019.05.23"]
[Round "6.9"]
[White "Miletic, Vuk"]
[Black "Vujacic, Igor"]
[Result "1/2-1/2"]
[WhiteElo "1954"]
[BlackElo "2205"]
[Annotator "TA"]
[PlyCount "98"]
[EventDate "2019.05.18"]
[EventType "swiss"]
[EventCountry "MNE"]
[SourceTitle "playchess.com"]
[Source "ChessBase"]
[SourceQuality "1"]

{[%evp 9,98,72,165,84,135,132,127,101,76,77,95,55,53,50,55,50,58,40,80,53,50,27,71,53,73,61,54,55,52,45,48,25,31,28,19,16,51,41,48,43,49,54,44,0,0,0,28,0,0,0,14,0,0,0,0,0,9,0,61,37,52,0,0,0,29,0,0,7,30,27,41,51,53,120,135,7,58,0,0,0,0,0,0,0,0,0,0,0,0,0,0]} 1. d4 b5 2. e4 Bb7 3. Bxb5 Bxe4 4. Nf3 e6 (4... Nf6 5. O-O e6 6. c4 Be7 7. Nc3 Bg6 8. Ne5 O-O 9. Bf4 Bh5 10. Qd3 Qc8 11. d5 Rd8 12. Rfe1 c6 13. Ba4 cxd5 14. cxd5 {½-½ (52) Shomoev,A (2566)-Ponkratov,P (2582) Tomsk 2011}) 5. O-O c5 (5... Bb7 $16) 6. Re1 {A40: Unusual replies to 1 d4} ({Better is} 6. Nc3 $18 Bc6 7. d5 exd5 8. Bf4) 6... Nf6 (6... Bc6 $142) 7. Nc3 $146 ({Predecessor:} 7. c4 Qc7 8. Nc3 Bb7 9. d5 Be7 10. dxe6 fxe6 11. Rxe6 Nc6 12. Re1 Qd8 13. Nd5 O-O 14. Bxc6 Bxc6 15. Nxe7+ {1-0 (21) Rosso,P-Rush,B IECG email 1996}) 7... Bc6 8. Bxc6 {White is better.} dxc6 9. Bg5 cxd4 10. Qxd4 Qxd4 11. Nxd4 Bb4 12. Bxf6 gxf6 13. Re3 O-O 14. Rg3+ Kh8 15. Rd1 Rd8 {White should prevent ...Bxc3.} 16. Nb3 Rxd1+ 17. Nxd1 Nd7 18. a3 Be7 19. Rd3 Ne5 20. Rc3 Rd8 {[%cal Rd8d1] [#]} 21. Ne3 f5 $1 22. f4 Ng6 23. g3 Bf6 24. Rxc6 Bxb2 25. Ra6 Rd7 26. Kf2 Ne7 27. Ke2 Bc3 28. Ra4 h5 29. Rc4 Bb2 30. a4 h4 31. Nc5 Rd6 32. Nd3 Bf6 33. Rc7 Nc6 (33... hxg3 $11 34. hxg3 Ra6) 34. Rxf7 Be7 35. Nc4 ({White should try} 35. Ne5 $14 Kg8 36. c4) 35... Rd4 $11 36. Nce5 Re4+ 37. Kd2 (37. Kf3 $5 {[%cal Re5c6]} Kg8 38. gxh4 $14) 37... Kg8 38. gxh4 Rxa4 (38... Bxh4 {seems wilder.} 39. Rb7 Nxe5 40. Nxe5 Rxa4 41. c4 Bf6) 39. h5 {aiming for h6.} Nxe5 $1 40. Rxe7 Nxd3 41. Kxd3 {Hoping for c4.} Rxf4 {[%mdl 4096] Endgame [#] KR-KR} 42. h6 ({Reject} 42. Rxa7 $6 Rf3+ 43. Kd4 Rh3 $11) (42. c4 $1 $16) 42... Rh4 (42... Rf3+ $11 43. Kd4 Rf4+ 44. Kc5 Rf2) 43. h7+ ({White should play} 43. Rxe6 $14 Rh3+ 44. Kd4) 43... Kh8 $1 {The position is equal.} 44. c4 {Black must now prevent c5.} Rh3+ 45. Kd4 {c5 is the strong threat.} Rxh2 46. Ke5 f4 47. Kf6 Rh6+ 48. Ke5 Rh2 49. Kxf4 Rh4+ {Accuracy: White = 50%, Black = 68%.} 1/2-1/2

[Event "71st MNE-ch 2019"]
[Site "Podgorica"]
[Date "2019.05.23"]
[Round "6.10"]
[White "Djurovic, Peko"]
[Black "Karisik, Nenad"]
[Result "1/2-1/2"]
[WhiteElo "1898"]
[BlackElo "2128"]
[Annotator "TA"]
[PlyCount "158"]
[EventDate "2019.05.18"]
[EventType "swiss"]
[EventCountry "MNE"]
[SourceTitle "playchess.com"]
[Source "ChessBase"]
[SourceQuality "1"]

{[%evp 12,158,23,0,29,-12,3,11,20,6,15,-16,-13,-19,0,0,-5,-19,58,62,79,75,95,82,91,83,104,101,106,90,109,113,120,102,175,149,174,166,159,136,152,150,156,147,147,147,147,146,147,148,177,149,154,147,138,142,137,85,97,97,139,120,149,149,159,149,163,157,164,125,2647,1702,2558,957,5576,5576,5555,5559,5559,5542,5485,5485,5477,5477,5446,5446,5342,5165,5204,5057,5057,4133,4002,419,419,419,5269,5197,5165,3982,3789,3106,2973,2714,1851,1702,3887,4134,2297,568,29964,561,561,561,561,561,29980,29981,29976,29975,29979,29977,29976,29978,29977,29975,29973,29974,29975,29977,29979,29953,29984,29981,29985,29986,29986,29987,29987,29980,29985,29986,29963,0,0,0,0,0,29968]} 1. e4 e5 2. Nf3 d6 3. d4 exd4 4. Nxd4 Nf6 5. Nc3 Be7 6. Bc4 O-O 7. f3 a6 {C41: Philidor Defence} (7... c6 8. Bb3 Na6 9. a3 Nc7 10. O-O d5 11. e5 Nd7 12. f4 f5 13. Be3 Nc5 14. Ba2 N5e6 15. Nce2 {1-0 (45) Zhang,P (2636)-Bellini,F (2489) Kallithea 2008}) 8. a4 Nc6 9. Be3 Nxd4 10. Bxd4 Be6 11. Ba2 $146 ({Predecessor:} 11. Qe2 d5 12. exd5 Nxd5 13. Bxd5 Bb4 14. Qe5 Qh4+ {1-0 (22) Szobi,T (2153)-Gabor,A (2085) Hungary 2004}) 11... Bxa2 12. Rxa2 d5 13. Bxf6 Bxf6 14. Nxd5 Bh4+ (14... Be5 $11) 15. g3 $14 Be7 16. O-O Bc5+ 17. Kg2 c6 18. Nf4 Qe7 19. Qe2 Rae8 20. Re1 Ba7 21. c3 Kh8 22. b4 f5 (22... g5 $16 {was necessary.} 23. Nd3 Qe6) 23. e5 Bb8 {[%cal Rb8e5]} 24. Nd3 f4 25. Nxf4 Bxe5 {[#]} 26. Nd3 $1 {[%cal Rd3e5]} Qf7 27. Nxe5 Rxe5 28. Qxe5 Qxa2+ $16 {[%mdl 4096] Endgame KQR-KQR} 29. Re2 Qf7 30. f4 h6 31. Qe7 Qd5+ 32. Kg1 Rd8 33. f5 ({Much worse is} 33. Qxb7 $6 Qd1+ 34. Kf2 Qh1 $11) 33... Rd6 34. Qe8+ ({White should try} 34. Qxb7 Qd3 35. Qe7) 34... Kh7 35. Qe4 a5 36. Qxd5 Rxd5 {KR-KR} 37. Re7 Rxf5 38. Rxb7 {Strongly threatening Rc7.} Rf3 39. bxa5 {a6 is the strong threat.} Rxc3 40. a6 {Black must now prevent a7.} Rc5 $2 {[%mdl 8192] [#]} (40... Rc4 $16) 41. Rb5 $3 $18 {[%mdl 512]} Rc1+ (41... Rxb5 42. axb5) 42. Kg2 Rc2+ 43. Kh3 cxb5 44. a7 bxa4 45. a8=Q {KQ-KR} Rc4 46. Qa6 Rb4 47. Qd6 Rb3 48. Qd4 a3 49. Qa4 Re3 50. Qc2+ Kh8 51. Kg4 Re8 52. Qc6 (52. Qa2 $142 Ra8 53. Kh3) 52... Re2 53. Kh5 {Intending Kg6 and mate.} Kh7 (53... Re5+ $142 54. Kg4 Re2 55. Qa8+ Kh7 56. Qxa3 Rxh2 57. Qd3+ Kg8) 54. Qg6+ Kg8 55. Qa6 Re5+ 56. Kg4 Re3 57. h4 Rc3 58. Kf4 Kh7 59. g4 Rh3 60. h5 Rc3 61. g5 (61. Qg6+ $142 Kh8 62. Qe8+ Kh7 63. Qe4+ Kh8 64. g5 hxg5+ 65. Kxg5 a2 66. Qa8+ {[%mdl 64] Double Attack} Kh7 67. Qxa2 Rc5+ 68. Kg4) 61... hxg5+ 62. Kxg5 Rg3+ 63. Kf4 Rc3 64. Qg6+ Kg8 65. h6 {[%csl Gh6][%cal Rg6g7]} Rc7 66. Qe8+ Kh7 67. hxg7 Rxg7 68. Qa4 Rf7+ 69. Kg4 Kg6 70. Qxa3 Rf6 71. Qc5 Rf7 72. Qg5+ Kh7 73. Kh5 Kh8 74. Qe5+ Kh7 75. Qe6 Kg7 76. Kg5 Kf8 77. Kg6 {[%csl Gg6][%cal Re6f7]} Rg7+ {The position is equal.} 78. Kh6 Rh7+ $1 79. Kg5 Rf7 {[%mdl 32768] Accuracy: White = 59%, Black = 30%. . An unexpected result.} 1/2-1/2

[Event "71st MNE-ch 2019"]
[Site "Podgorica"]
[Date "2019.05.23"]
[Round "6.12"]
[White "Milovic, Jovan"]
[Black "Koljevic, Nikolina"]
[Result "1-0"]
[WhiteElo "2280"]
[BlackElo "1964"]
[Annotator "TA"]
[PlyCount "47"]
[EventDate "2019.05.18"]
[EventType "swiss"]
[EventCountry "MNE"]
[SourceTitle "playchess.com"]
[Source "ChessBase"]
[SourceQuality "1"]

{[%evp 9,63,7,17,11,25,-95,12,-66,28,-64,-43,-32,-34,-84,-86,-160,-154,-211,-79,-76,-29,-89,-79,-62,-70,-106,-24,-27,-38,-172,-188,-158,15,21,216,211,202,210,225,223,227,177,369,365,453,461,591,579,561,575,636,627,614,585,652,595]} 1. c4 e6 2. b3 Nf6 3. Bb2 d5 4. e3 Be7 5. Nc3 c5 6. Nf3 {A15: English Opening: 1...Nf6} Nc6 (6... O-O 7. Rc1 dxc4 8. bxc4 b6 9. g3 Bb7 10. Bg2 Nc6 11. O-O Rc8 12. Qe2 Qc7 13. Rfd1 Qb8 14. d4 cxd4 15. exd4 Rfe8 16. d5 exd5 17. Nxd5 Nxd5 18. cxd5 Bg5 19. Qxe8+ Rxe8 20. dxc6 Bxc1 21. Be5 Rxe5 22. Nxe5 {½-½ (30) Mamedyarov,S (2801)-Nakamura,H (2777) Saint Louis 2018}) 7. a3 $146 (7. cxd5 $11 exd5 8. Bb5) ({Predecessor:} 7. cxd5 exd5 8. Bb5 O-O 9. O-O Qb6 10. Bxc6 Qxc6 11. d4 Bg4 12. dxc5 Qxc5 13. h3 Bxf3 14. Qxf3 {1-0 (22) Klekowski,M (2511)-Buksa,N (2337) Warsaw 2018}) 7... a6 (7... d4 $17 8. Ne2 e5) 8. Qc2 (8. d4 $11) 8... b6 (8... d4 $15 9. exd4 cxd4) 9. h4 (9. cxd5 $11 exd5 10. d4) 9... Bb7 10. cxd5 exd5 11. h5 h6 12. Nh4 (12. Bd3 $142) 12... d4 13. Na4 (13. Ne4 $17 {is a better defense.}) 13... Bc8 {[#]} (13... O-O $19 {is more deadly. Threatens to win with ...Nd7.} 14. Nf5 Re8) 14. b4 $1 {[%cal Rb4c5][%mdl 512]} Nd5 {[#]} (14... cxb4 15. Qxc6+) 15. Nf5 (15. Ng6 $1 $11 {[%mdl 512]} fxg6 16. Qxg6+ {[%mdl 64] Double Attack} Kd7 17. Be2 (17. bxc5 bxc5 18. Rc1 Qa5 $11)) 15... Bxf5 $1 $17 16. Qxf5 cxb4 17. e4 Nf6 (17... Nc3 $17 18. axb4 (18. dxc3 dxc3 19. Nxc3 Nd4 $17) 18... Nxa4 19. Rxa4 b5) 18. e5 Qd7 19. Qf3 {[#]} ({White should try} 19. Bd3 $15 Qxf5 20. Bxf5 Nxe5 21. axb4) 19... Qe6 $1 $19 20. Rc1 Rc8 $2 (20... Qxe5+ 21. Be2 $11) ({Better is} 20... Nd5 $17 21. Bc4 Rd8 22. Bxd5 Rxd5) 21. Bxa6 $11 Qxe5+ $2 {[#]} (21... Nxe5 $11 {and Black stays safe.} 22. Rxc8+ Qxc8 23. Bxc8 Nxf3+ 24. gxf3 b5) 22. Qe2 $1 $18 {[%cal Re2e5] Hoping for Qxe5.} ({Don't take} 22. Kd1 $6 Qa5 $16) 22... Qxe2+ 23. Kxe2 d3+ 24. Kd1 {Played: Ke2-f3} 1-0

[Event "71st MNE-ch 2019"]
[Site "Podgorica"]
[Date "2019.05.23"]
[Round "6.13"]
[White "Popadic, Dragan"]
[Black "Stankovic, Zarko"]
[Result "1-0"]
[WhiteElo "2198"]
[BlackElo "2218"]
[Annotator "TA"]
[PlyCount "81"]
[EventDate "2019.05.18"]
[EventType "swiss"]
[EventCountry "MNE"]
[SourceTitle "playchess.com"]
[Source "ChessBase"]
[SourceQuality "1"]

{[%evp 9,81,-8,0,0,8,-5,9,1,33,0,21,23,20,0,92,77,80,86,80,84,122,118,135,98,232,230,229,152,139,112,120,110,114,114,115,112,198,152,154,159,162,162,154,137,215,229,316,289,356,354,421,470,522,506,567,513,680,681,675,658,763,750,757,749,835,780,843,831,1091,1043,1185,1179,1556,1500]} 1. e4 c5 2. Nc3 d6 3. f4 Nf6 4. Nf3 g6 5. Bc4 Bg7 6. O-O {B23: Closed Sicilian: Lines without g3} O-O 7. d3 e6 (7... Nc6 8. Kh1 e6 9. Bb3 Na5 10. Qe1 Nxb3 11. axb3 b6 12. Qh4 Nh5 13. Qxd8 Rxd8 14. e5 f5 15. exd6 Rxd6 {½-½ (44) Gashimov,V (2758)-Zubov,A (2581) Warsaw 2009}) 8. Bb3 {The position is equal.} a6 9. a4 b6 10. Qe1 Nc6 11. Qh4 $146 ({Predecessor:} 11. h3 Ra7 12. g4 Na5 13. Ba2 {1-0 (22) Budzinski,J (2024)-Padrak,R (2170) Polanica Zdroj 2013}) 11... Nd4 {[#]} (11... Nd7 $11) 12. Nxd4 $1 $16 cxd4 13. Ne2 Nd7 14. Qf2 e5 15. f5 {Black must now prevent fxg6.} Nc5 16. Bd5 Ra7 (16... Bb7 $16) 17. b4 $18 Ne6 18. Qg3 Nc7 19. Bg5 Bf6 20. Bxf6 Qxf6 21. Bb3 $36 {[%mdl 2048] White is on the roll.} Qg7 22. Qh4 g5 (22... gxf5 $16 23. exf5 Ne8) 23. Qh5 Ne8 24. c3 Nf6 25. Qf3 dxc3 26. Nxc3 Bb7 (26... Rc7 $16) 27. Qe3 Ba8 28. Qxb6 {[%mdl 64] [#] Double Attack} Rb7 29. Qxd6 Rd7 30. Qxa6 {White is clearly winning.} Rfd8 31. Bc4 Rd6 32. Qa7 g4 33. Qe3 Nh5 34. Ne2 Kh8 35. b5 {[%cal Bb4b5,Bb5b6,Bb6b7][%mdl 32]} g3 36. h3 Rg8 37. Rab1 Qf6 38. a5 {[%cal Ba4a5,Ba5a6][%mdl 32]} Qh4 39. b6 Qe7 40. a6 Bc6 41. b7 {Accuracy: White = 80%, Black = 19%.} 1-0

[Event "71st MNE-ch 2019"]
[Site "Podgorica"]
[Date "2019.05.23"]
[Round "6.14"]
[White "Rakic, Tijana"]
[Black "Sabotic, Denis"]
[Result "0-1"]
[WhiteElo "1579"]
[BlackElo "1682"]
[Annotator "NA RC"]
[PlyCount "50"]
[EventDate "2019.05.18"]
[EventType "swiss"]
[EventCountry "MNE"]
[SourceTitle "playchess.com"]
[Source "ChessBase"]
[SourceQuality "1"]
[TimeControl "40/5400+30:1800+30"]

1. e4 {[%emt 0:00:00]} c5 {[%emt 0:00:04]} 2. Nf3 {[%emt 0:00:04]} Nc6 {[%emt 0:00:06]} 3. d4 {[%emt 0:00:09]} cxd4 {[%emt 0:00:07]} 4. Nxd4 {[%emt 0:00:15]} e6 {[%emt 0:00:10]} 5. Nc3 {[%emt 0:00:36]} a6 {[%emt 0:00:23]} 6. Be3 {[%emt 0:00:19]} Bb4 {[%emt 0:00:27]} 7. Qd2 {[%emt 0:03:22]} Nf6 {[%emt 0:01:02]} 8. f3 {[%emt 0:02:36]} d5 {[%emt 0:01:50]} 9. Nxc6 {[%emt 0:06:51]} bxc6 {[%emt 0:01:31]} 10. e5 {[%emt 0:00:39]} Nd7 {[%emt 0:00:53]} 11. a3 {[%emt 0:01:06]} Ba5 {[%emt 0:01:56]} 12. b4 {[%emt 0:04:40]} Bb6 {[%emt 0:03:07]} 13. Bxb6 {[%emt 0:02:21]} Qxb6 {[%emt 0:01:11]} 14. f4 {[%emt 0:02:22]} Bb7 {[%emt 0:01:21]} 15. Na4 {[%emt 0:03:45]} Qc7 {[%emt 0:01:36]} 16. Qe3 {[%emt 0:07:23]} a5 {[%emt 0:01:40]} 17. Rb1 {[%emt 0:03:52]} axb4 {[%emt 0:03:43]} 18. Rxb4 {[%emt 0:09:51]} c5 {[%emt 0:00:53]} 19. Qc3 {[%emt 0:00:12]} O-O {[%emt 0:07:31]} 20. Bb5 {[%emt 0:02:17]} Rfc8 21. Bxd7 {[%emt 0:03:38]} cxb4 {[%emt 0:08:24]} 22. Qxc7 {[%emt 0:04:51]} Rxc7 {[%emt 0:00:04]} 23. axb4 {[%emt 0:01:22]} Rxd7 {[%emt 0:00:40]} 24. Nb6 {[%emt 0:00:17]} Ra1+ {[%emt 0:00:41]} 25. Kf2 {[%emt 0:00:23]} Rxh1 {[%emt 0:00:16]} 0-1